Harry Potter česky - Statistics

General Stats
  • This quiz has been taken 27 times
    22 since last reset
  • The average score is 18 of 30
Answer Stats
Question Answer % Correct
Kdo je ředitelem Bradavic (po většinu knih) ? Albus Brumbál
95%
Jaký tvar má Harryho jizva ? Blesk
95%
Jak se jmenuje Harryho bratranec? Dudley
95%
Jaké zvíře je ve znaku Zmijozelu? Had
95%
Jak se jmenuje Harryho sova? Hedvika
95%
Do které koleje patří hlavní trio? Nebelvír
95%
Na jakém nástupišti stojí vlak do Bradavic? 9 3/4
91%
Jaké zvíře je patronem Albuse Brumbála? Fénix
91%
Kdo je vyvolený? Harry
91%
Jak se jmenují dva nejlepší Harryho přátelé ? Ron a Hermiona
91%
Kdo učí lektvary v Harryho 6. ročníku? Horácio Křiklan
77%
Jak se jmenuje jediná čistě kouzelnická vesnice? Prasinky
73%
Jakým přenášedlem se dostanou na mistrovsví světa ve Famfrpálu? Bota
68%
Jaký byl první viteál který Lord Voldemort vytvořil? Deník Toma Raddlea
68%
Který famfrapálový míč je největší? Camrál
55%
Který z Pobertů zemřel jako poslední? Remus Lupin
55%
Jakou barvu má krev jednorožce? Stříbrnou
55%
Co se stalo s babičkou Nevilla Longbottoma, kždyž se ji pokusil zatknout bystrozor Dawlish v sedmém díle? Zmlátila ho tak, že skončil u svatého Munga
55%
Jakou barvu očí měla Lily Potterová? Zelenou
50%
Jaké číslo měl Harryho trezor u Gringottových? 687
45%
Jaké je celé Brumbálovo jméno? Albus Percival Wulfric Brian Brumbál
45%
Jak se jmenuje Nevillova babička Augusta
32%
Kde bydlí Severus Snape? Tkalcovská ulice
32%
Jak zní první heslo do nebelvírské místnosti? Caput Draconis
23%
Jakou barvu měly Hermioniny šaty, které měla na plese? (knižní verze) Modrou
23%
Která z těchto postav není zvěromág? Remus Lupin
23%
Co udělal Harry v knize s bezovou hůlkou po skončení války? Vrátil ji Brumbálovy do hrobu
23%
Jak se jmenuje domácí skřítek rodiny Skrkových? Winky
18%
Co bylo napsáno na hrobě Jamese a Lily Potterových Poslední nepřítel, který bude poražen, je smrt.
14%
Kdo daroval Harrymu jeho první koště? Sirius Black
5%
No matching quizzes found
Score Distribution
Percent of People with Each Score
Percentile by Number Answered
Your Score History
You have not taken this quiz since the last reset